Basic english grammar for schools / (Record no. 11338)

MARC details
000 -LEADER
fixed length control field 00417nam a2200133 a 4500
020 ## - INTERNATIONAL STANDARD BOOK NUMBER
ISBN 8172450346 (paperback)
020 ## - INTERNATIONAL STANDARD BOOK NUMBER
ISBN 9788172450342 (paperback)
100 1# - MAIN ENTRY--AUTHOR NAME
Personal name Arnold, Thomas Kerchever.
245 10 - TITLE STATEMENT
Title Basic english grammar for schools /
260 ## - PUBLICATION, DISTRIBUTION, ETC. (IMPRINT)
Place of publication [S.l.] :
Name of publisher Goodwill Publishing House,
300 ## - PHYSICAL DESCRIPTION
Number of Pages 1 v. (unpaged) ;
856 40 - ELECTRONIC LOCATION AND ACCESS
Uniform Resource Identifier http://www.amazon.com/exec/obidos/ASIN/8172450346/chopaconline-20
942 ## - ADDED ENTRY ELEMENTS (KOHA)
Koha item type Books
Holdings
Withdrawn status Lost status Home library Current library Date acquired Cost, normal purchase price Full call number Accession Number Koha item type
    Seminar Library, Department of English Seminar Library, Department of English 31/10/2014 70.00 428ARN 38675 Books